| 000 | 00621nam a22002053a 4500 | ||
|---|---|---|---|
| 005 | 20230128063840.0 | ||
| 008 | 011011s1994 mx fr 000 0 spa d | ||
| 020 | _a8487767206 | ||
| 035 | _aUPN01000112932 | ||
| 049 | _aCG | ||
| 050 | 4 |
_aRE91 _bD4.3 |
|
| 245 | 0 | 0 |
_aDeficiencia visual : _baspectos psicoevolutivos y educativos / _cManuel Bueno Martín ... [et al.]. |
| 260 |
_aMálaga, Esp. : _bAljibe, _c1994. |
||
| 300 | _a336 p. | ||
| 440 | 0 | _aEducación para la diversidad | |
| 650 | 2 |
_aCeguera _96525 |
|
| 650 | 4 |
_aNIÑOS CIEGOS - _xEDUCACION _919294 |
|
| 700 | 1 |
_aBueno Martín, Manuel, _ecoaut. |
|
| 905 | _aLibro | ||
| 999 |
_c86840 _d86840 |
||